[Event "Warsaw-ch opB 66th"]
[Site "Warsaw"]
[Date "2013.05.16"]
[Round "6"]
[White "Kaminski, Jan"]
[Black "Sawicki, Wojciech"]
[Result "0-1"]
[WhiteElo "1738"]
[BlackElo "1797"]
[PlyCount "78"]
[EventDate "2013.05.11"]
[EventType "swiss"]
[EventRounds "9"]
[EventCountry "POL"]
[SourceTitle "CBM 154 Extra"]
[Source "ChessBase"]
[SourceDate "2013.06.25"]
[SourceVersion "2"]
[SourceVersionDate "2013.06.25"]
[SourceQuality "1"]

1. e4 e5 2. Nf3 Nc6 3. g3 Nf6 4. d3 Bc5 5. Bg2 d6 6. 0-0 0-0 7. c3 Bb6 8. h3 h6 9. Be3 Bxe3 10. fxe3 d5 11. exd5 Nxd5 12. Qe1 Qd6 13. e4 Nf6 14. Na3 Be6 15. Nh4 Rad8 16. Rf3 Ne7 17. c4 Nh7 18. Kh2 Qd7 19. g4 Nc6 20. Nc2 f6 21. Nf5 Ng5 22. Rg3 Bf7 23. Qe3 Ne6 24. Bf1 Nf4 25. Rf3 Kh7 26. d4 g6 27. d5 gxf5 28. dxc6 Qxc6 29. gxf5 Bxc4 30. Nb4 Qb5 31. Qc3 Bxf1 32. Raxf1 Qe2+ 33. R1f2 Qxe4 34. Qxc7+ Kh8 35. Rg3 Rg8 36. Qf7 Rxg3 37. Qxf6+ Kh7 38. Qe7+ Rg7 39. Qxd8 Rg2+ 0-1

[Event "Warsaw YMCA Spring 121st"]
[Site "Warsaw"]
[Date "2013.04.11"]
[Round "2"]
[White "Sawicki, Wojciech"]
[Black "Staniak, Mariusz"]
[Result "1-0"]
[WhiteElo "1797"]
[BlackElo "1821"]
[PlyCount "139"]
[EventDate "2013.04.10"]
[EventType "tourn"]
[EventRounds "11"]
[EventCountry "POL"]
[SourceTitle "EXT 2014"]
[Source "ChessBase"]
[SourceDate "2013.11.20"]
[SourceVersion "1"]
[SourceVersionDate "2013.11.20"]
[SourceQuality "1"]

1. e4 c6 2. d4 d5 3. Nc3 dxe4 4. Nxe4 Nd7 5. Ng5 Ngf6 6. Bd3 e6 7. N1f3 Bd6 8. Qe2 h6 9. Ne4 Nxe4 10. Qxe4 Nf6 11. Qe2 Qc7 12. g3 b6 13. Bd2 Bb7 14. 0-0-0 0-0-0 15. Rhe1 Kb8 16. Ne5 Ka8 17. Nc4 c5 18. Nxd6 Qxd6 19. dxc5 Qxc5 20. Bc3 Rc8 21. Bxf6 gxf6 22. Be4 Rc7 23. Rd3 Rhc8 24. Rc3 Qa5 25. Rxc7 Rxc7 26. Rd1 a6 27. a3 Ka7 28. Bxb7 Rxb7 29. Qc4 Qe5 30. Qd4 Qf5 31. Qe3 Qh3 32. Qf3 Rc7 33. Qxf6 Qh5 34. h4 Qe2 35. c3 h5 36. Qd4 Qb5 37. Qf4 Kb7 38. Qg5 Qe2 39. Qe3 Qb5 40. Qf3+ Ka7 41. Rd8 Rb7 42. Rh8 Qf1+ 43. Kc2 Qe1 44. Qe3 Qf1 45. Rd8 Qb5 46. Qd3 Qc5 47. Qd4 Qb5 48. Qd3 Qc5 49. Rd4 Rc7 50. b4 Qc6 51. Qe3 Qa4+ 52. Kb2 Qc6 53. Kb3 Qh1 54. Kb2 Qc6 55. Qd3 Qg2 56. Qd2 Qc6 57. Rd6 Qb5 58. Qd3 Qe8 59. Qd4 Rb7 60. c4 Qc8 61. a4 e5 62. Qd5 Qf5 63. Qd2 e4 64. Rd5 Qe6 65. Kb3 Rc7 66. Qd4 Qg4 67. a5 Rb7 68. axb6+ Ka8 69. Rd8+ Rb8 70. Qd5# 1-0